01194nam a22003257a 4500003000500000005001700005008004100022010001000063011001000073035001000083040000900093082001600102100003300118245015600151260003800307300002000345590004100365590004100406590004100447590004100488590004200529650003200571650002400603650001900627901000700646942001000653949005900663999001700722952012900739CHAP20220329140741.0971013c19071901 r 00010 d a57051 a58023 a62178 cCHAP a627.44bS2400aSchuyler, James Dix.9103267 aReservoirs for irrigation, water power and domestic water-supply, with account of various types of dams and the methods and plans of their construction aNew York :bWiley,c1907 (c.1901) a414 p.b: ilus. aBATCH-UPDb10c20130110lUCH01h0321 aBATCH-UPDb10c20130110lUCH01h2307 aBATCH-UPDb10c20130410lUCH01h1559 aBATCH-UPDb10c20130914lUCH01h0306 aCONVERSIONb10c20130109lUCH01h133114aAguaxAbastecimiento.9222314aDepósitos.93184814aPresas.991480 aBK cLIBRO a627.44 S24bBCcLIBROd-133281eLIBROh19060i62178si c57051d57051 00102ddc4052708GRALaBCbBCcPP_GRALd2019-12-31fLIBROl0o627.44 S24p-133281r2019-12-31 00:00:00w2019-12-31yLIBRO